My Years with Churchill (Record no. 2064)

000 -LEADER
fixed length control field 00607nam a22001937a 4500
005 - DATE AND TIME OF LATEST TRANSACTION
control field 20210414110353.0
008 - FIXED-LENGTH DATA ELEMENTS--GENERAL INFORMATION
fixed length control field 210310s1958 ||||| |||| 00| 0 eng d
040 ## - CATALOGING SOURCE
Original cataloging agency eng
Transcribing agency DLC
041 ## - LANGUAGE CODE
Language code of text/sound track or separate title eng
080 ## - UNIVERSAL DECIMAL CLASSIFICATION NUMBER
Universal Decimal Classification number 821.111
Item number M-12
100 ## - MAIN ENTRY--PERSONAL NAME
9 (RLIN) 1315
Personal name MacGowan, Norman
245 ## - TITLE STATEMENT
Title My Years with Churchill
Statement of responsibility, etc. / by: Gold Medal Books, Fawcett Publications Inc
260 ## - PUBLICATION, DISTRIBUTION, ETC.
Place of publication, distribution, etc. Greenwich, Conn
Name of publisher, distributor, etc. Gold Medal Books, Fawcett Publications Inc
Date of publication, distribution, etc. 1958
300 ## - PHYSICAL DESCRIPTION
Extent 143 p.
365 ## - TRADE PRICE
Price amount 0.6 usd
650 #0 - SUBJECT ADDED ENTRY--TOPICAL TERM
9 (RLIN) 254
Topical term or geographic name entry element English literature
653 ## - INDEX TERM--UNCONTROLLED
Uncontrolled term ინგლისური ლიტერატურა
942 ## - ADDED ENTRY ELEMENTS (KOHA)
Source of classification or shelving scheme
Koha item type Books
Holdings
Withdrawn status Lost status Source of classification or shelving scheme Damaged status Not for loan Permanent location Current location Date acquired Inventory number Total Checkouts Full call number Barcode Date last seen Price effective from Koha item type
          Ken Walker International University Ken Walker International University 03/10/2021 1723   821.111 M-12 1723 03/10/2021 03/10/2021 Books

Powered by Koha